Les chansons de Bigflo & Oli - Mort subite - Statistiques

Statistiques générales
  • Ce quiz a été pris 610 fois
  • Le résultat moyen est 7 sur 10
Answers on the Grid
Answers color-coded by a green-red scale on the quiz's grid according to % correct below.
En double appel
Dommage
Aujourd'hui
Je suis
Les gens tristes
Autre part
La vraie vie
Coup de vieux
J'étais pas là
Papa
Bienvenue chez moi
On verra
Elle pleut
Interlune
Guérison
Tout recommencer
Interlude
Éternelle
Destinée
Tombé pour elle
 
Statistiques - réponses
Réponse % Correct
Dommage
89%
Papa
85%
Coup de vieux
80%
La vraie vie
76%
Bienvenue chez moi
72%
Je suis
62%
Les gens tristes
62%
J'étais pas là
56%
Aujourd'hui
54%
Autre part
51%
Aucun quiz correspondant
Distribution des résultats
% des personnes avec chaque résultat
Percentile par nombre de réponses
Votre historique - résultats
Vous n’avez pas pris ce quiz